Statistics for Winter Olympics: Countries by most medals won

Click here to take the quiz!

General Stats

  • This quiz has been taken 67 times
  • The average score is 29 of 35

Answer Stats

RankTotal MedalsCountry% Correct
1258Russia
100%
2193United States
98%
896Canada
98%
6108Sweden
97%
1263Norway
97%
5125Germany
95%
4142Finland
95%
3162Austria
95%
1522China
95%
7103Switzerland
92%
989Italy
92%
1426United Kingdom
92%
1072France
92%
1169Netherlands
90%
264Spain
90%
196Poland
89%
1331Japan
89%
341Denmark
86%
186Hungary
86%
273Ukraine
84%
244Australia
83%
225Belgium
81%
254Croatia
81%
321Romania
81%
283Estonia
79%
351New Zealand
79%
1620South Korea
78%
205Bulgaria
76%
293Slovenia
76%
215Belarus
73%
235Kazakhstan
62%
302Luxembourg
60%
312North Korea
59%
179Liechtenstein
49%
331Uzbekistan
44%

Score Distribution

Percentile by Number Answered

Percent of People with Each Score

Your Score History

You have not taken this quiz